| 000 | 01220nam2a22002651 4500 | ||
|---|---|---|---|
| 001 | v19\rc\1947309 | ||
| 005 | 20251118180903.6 | ||
| 035 | _a(NLR Aleph) 005032667 | ||
| 090 |
_a6707874 _c6707874 |
||
| 100 | _a20080428d1913 u y0rusy50 ca | ||
| 101 | 0 | _arus | |
| 102 | _aRU | ||
| 105 | _ay z ||||| | ||
| 200 | 0 | _aза 1912 год | |
| 210 | _d1913 | ||
| 215 | _a151, 51 с. | ||
| 461 | 0 |
_1001v19\rc\1947307 _12001#$aОбзор деятельности агрономической организации и экономических мероприятий Екатеринославского уездного земства...$vза 1912 год _96707858 _aЕкатеринославское уезд. земство _cЕкатеринослав _d1912-1913 _tОбзор деятельности агрономической организации и экономических мероприятий Екатеринославского уездного земства... _vза 1912 год |
|
| 801 | 0 |
_aRU _bNLR _gpsbo |
|
| 801 | 0 |
_aRU _bRuMoRGB _2psbo |
|
| 801 | 1 |
_aRU _bProSoft-M _2rusmarc |
|
| 852 |
_aNLR _jDesideratum |
||
| 899 |
_aRuMoRGB _jU 440/174 |
||
| 899 |
_aRuMoRGB _jM 225/141 |
||
| 942 | _cBOOK | ||
| 980 | _aNB | ||